|
|
|
|
| LEADER |
00820nab a2200193 i 4500 |
| 001 |
misc13527 |
| 005 |
20191106141406.0 |
| 008 |
170607s1988 hu o 0|| hun d |
| 022 |
|
|
|a 0025-0260
|
| 040 |
|
|
|a SZTE Miscellanea Repozitórium
|b hun
|
| 041 |
|
|
|a hun
|
| 100 |
1 |
|
|a Réthy Endréné
|
| 245 |
1 |
0 |
|a P. Ja. Galperin (1902-1988)
|h [elektronikus dokumentum] :
|b A tudomány szolgálatában : [könyvismertetés] /
|c Réthy Endréné
|
| 260 |
|
|
|c 1988
|
| 300 |
|
|
|a 444-448
|
| 490 |
0 |
|
|a Magyar pedagógia : a Magyar Tudományos Akadémia Pedagógiai Bizottságának folyóirata
|v 88 No. 4
|
| 695 |
|
|
|a Pszichológia orosz életrajz életmű 20. sz., Pedagógia, Nekrológ, Könyvismertetés
|
| 700 |
0 |
1 |
|a Galperin Pjotr Jakovlevics
|
| 856 |
4 |
0 |
|u http://misc.bibl.u-szeged.hu/13527/1/mp_1988_004_5923_444-448.pdf
|z Dokumentum-elérés
|